000 03175nam a22002777a 4500
003 DO-SdBJH
005 20260626215605.0
008 260624b2025 |||||||| |||| 00| 0 spa d
040 _aDO-SdBJH
_bspa
_cDO-SdBJH
041 0 _aspa
090 _aCT CM-0018
_bAMBC 2025
100 1 _aRamírez Doñe, Rosely
_esustentante
245 1 0 _apropuesta de un proyecto de mejora al sistema de intercomunicación de las uniades terrestres en la frontera dominico haitiano 2025 /
_cRosely Ramírez Doñe, Olivo Ailin Yinet ; asesor metodológico David Aguiar ; asesor de contenido Ogando Melvin.
260 _aSanto Domingo, República Dominicana :
_bUNADE,
_c2025.
300 _axvi, 66, [21] páginas.
502 _aTesis y trabajos de grado (Licenciatura en Ciencias Militares)--Universidad Nacional para la Defensa "General Juan Pablo Duarte y Díez", Santo Domingo Este, 2025.
504 _aIncluye referencias bibliográficas y anexos.
505 _aEstado actual del sistema de intercomunicaciones utilizado por las unidades terrestres en la frontera Dominico-Haitiana -- Tecnologías y buenas prácticas en sistemas de comunicaciones utilizados en entornos fronterizos similares a nivel internacional -- Introducción a la propuesta, para mejorar sustancialmente el sistema de intercomunicación en la Frontera Dominico-Haitiana.
520 _aLa presente propuesta tiene como objetivo principal mejorar sustancialmente el sistema de intercomunicación de las unidades terrestres que operan en la frontera dominico haitiana durante el periodo 2024-2025. Actualmente, dichas unidades enfrentan limitaciones significativas debido a un sistema de comunicación obsoleto, con cobertura limitada, baja seguridad en las transmisiones y escasas interoperabilidad entre instituciones. A través de un análisis exhaustivo del estado actual, la identificación de buenas practicas internacionales y la evaluación de tecnologías modernas aplicadas a entornos fronterizos, se desarrollo un plan integral que incorpora herramientas de comunicación digital, soluciones satelitales, capacitación técnica, fortalecimiento de la infraestructura operativa. La propuesta contempla una implementación por fases, permitiendo así la adaptación progresiva del personal y la validación de los sistemas en el terreno. Este proyecto no solo busca mejorar la eficacia de las operaciones fronterizas sino también garantizar una mayor seguridad, coordinación y capacidad de respuestas ante situaciones críticas. La modernización del sistema de intercomunicación contribuirá directamente al fortalecimiento de la seguridad nacional, la soberanía y la protección de los ciudadanos en zonas limítrofes.
650 7 _2lemb
_aComunicaciones militares
_vTesis y disertaciones académicas
_xInnovaciones tecnológicas
_xSistemas de comunicación
_zRepública Dominicana
650 7 _2lemb
_aVigilancia fronteriza
_vTesis y disertaciones académicas
_xComunicaciones militares
_xEquipo y abastecimiento
_zFrontera dominico-haitiana
700 1 _aOlivo Ailin Yinet
_esustentante
700 1 _aAguiar, David
_easesor metodológico
700 1 _aMelvin, Ogando
_easesor de contenido
942 _2CL
_cT
999 _c8724
_d8724